000 00820nam a2200253Ia 4500
003 OSt
005 20220923213604.0
006 a|||||r|||| 00| 0
007 ta
008 220922b |||||||| |||| 00| 0 hin d
024 _a163,169
037 _cTextual
040 _aARTS
_cARTS
_bhin
041 _2hin
_ahin
082 _aO152:1N091x, H9
100 _aसत्यार्थी, देवेन्द्र
245 0 _aबन्दनवार
246 _aBandanavāra
260 _aनई दिल्ली
_b प्रगति प्रकाशन
_c1949
300 _a164पृ.
_ccm.
650 _aहिन्दी साहित्य
_9156264
942 _hO152:1N091x, H9
_cTEXL
_2CC
999 _c317649
_d317649